000 00483nam a22001817a 4500
005 20251108170610.0
008 250721s9999 xx 000 0 eng d
082 1 4 _aj/f/eva
100 1 _aevans, betty
245 1 4 _athe golden goose /
264 1 _alondon :
_bladybird books loughborough,
_c[19-].
300 _a50 p : ill
490 0 _aladybird : well-loved tales
500 _aincluded cassette recordings
650 1 7 _aenglish fiction
942 _2ddc
_cBK
999 _c44434
_d44434